|
|
|
|
| LEADER |
00000nam0a2200000 4500 |
| 001 |
266378 |
| 005 |
20231101234009.0 |
| 020 |
|
|
|a RU
|b 86-99444
|
| 035 |
|
|
|a (RuTPU)RU\TPU\book\289398
|
| 090 |
|
|
|a 266378
|
| 100 |
|
|
|a 20140708d1986 k y0rusy5003 ca
|
| 101 |
0 |
|
|a rus
|
| 102 |
|
|
|a RU
|
| 105 |
|
|
|a a z 001zy
|
| 200 |
1 |
|
|a Современные средства информатики
|e сборник статей
|f Академия наук СССР (АН СССР), Институт проблем информатики (ИПИ) ; под ред. Б. Н. Наумова
|
| 210 |
|
|
|a Москва
|c Наука
|d 1986
|
| 215 |
|
|
|a 277 с.
|c портр.
|
| 320 |
|
|
|a Библиогр. в конце ст.
|
| 606 |
1 |
|
|a Информационная технология
|2 stltpush
|3 (RuTPU)RU\TPU\subj\12897
|9 39600
|
| 610 |
1 |
|
|a вычислительные машины электронные
|
| 610 |
1 |
|
|a ЭВМ
|
| 610 |
1 |
|
|a архитектура
|
| 610 |
1 |
|
|a структура
|
| 610 |
1 |
|
|a программные средства
|
| 610 |
1 |
|
|a прикладная информатика
|
| 675 |
|
|
|a 681.3.01
|z rus
|v 3
|
| 702 |
|
1 |
|a Наумов
|b Б. Н.
|g Борис Николаевич
|4 340
|
| 712 |
0 |
2 |
|a Академия наук СССР (АН СССР)
|b Институт проблем информатики (ИПИ)
|c (Москва)
|2 stltpush
|3 (RuTPU)RU\TPU\col\11265
|
| 801 |
|
0 |
|a RU
|b RuMRKP
|c 19960705
|g psbo
|
| 801 |
|
1 |
|a RU
|b 63413507
|c 20140708
|
| 801 |
|
2 |
|a RU
|b 63413507
|c 20151027
|g RCR
|
| 942 |
|
|
|c BK
|